Gaming Quiz

Random Gaming or Pokémon Quiz

Pokémon are dangerous! (Set 1) Quiz Stats

 Plays Quiz not verified by Sporcle

Score 0/25 Timer 10:00
0 Plays Today
% Correct
Gengar
94.2%
Snorlax
93%
Eevee
92.1%
Jigglypuff
91.8%
Onix
91.7%
Krabby
90.4%
Pikachu
90%
Beedrill
90%
Gyarados
88.8%
Slowbro
88.1%
Charmeleon
87.4%
Vulpix
87.3%
Primeape
86.9%
% Correct
Spearow
86.7%
Wigglytuff
85.7%
Poliwag
85.5%
Muk
85.4%
Voltorb
84.7%
Nidoran (Male)
84.4%
Growlithe
83.7%
Grimer
83.6%
Rhydon
83.5%
Farfetch'd
82.3%
Magnemite
82%
Dodrio
80.2%

You're not logged in!

Compare scores with friends on all Sporcle quizzes.
OR
Log In

Show Comments

Extras

Top Quizzes Today


Score Distribution

Your Account Isn't Verified!

In order to create a playlist on Sporcle, you need to verify the email address you used during registration. Go to your Sporcle Settings to finish the process.

Report this User

Report this user for behavior that violates our Community Guidelines.

Details: